Every Private High School In Ohio - Statistics

General Stats
  • This quiz has been taken 44 times
  • The average score is 11 of 249
Answer Stats
City Answer % Correct
Lakewood St. Edward
50%
Cincinnati St. Xavier
41%
Cincinnati Archbishop Moeller
38%
Ashtabula St. John
35%
Cleveland St. Ignatius
32%
Kettering Archbishop Hoban
29%
Canton | Toledo Central Catholic
24%
Gahanna Columbus
24%
Cincinnati Elder
24%
Gates Mill Hawken
24%
Akron St. Vincent St. Mary
24%
Cuyahoga Falls Walsh Jesuit
24%
Troy Troy Christian
21%
Cincinnati | Youngstown Ursuline
21%
Cuyahoga Falls Cuyahoga Valley Christian/ CVCA
18%
Gate Mills Gilmour
18%
Columbus St. Francis DeSales
18%
Toledo St. Francis De Sales
18%
Huntington Valley University
18%
Columbus Bishop Hartley
15%
Cincinnati Cincinnati Country
15%
Miamisburg Dayton Christian
15%
Canal Winchester Harvest Prep
15%
Portsmouth | Toledo Notre Dame
15%
Cleveland | Fremont | Ironton St. Joseph
15%
Hudson Western Reserve
15%
Franklin Bishop Fenwick
12%
Youngstown Cardinal Mooney
12%
Springfield | Steubenville Catholic Central
12%
Sidney Christian
12%
Delaware Christian Delaware
12%
Mentor Lake Catholic
12%
Shaker Heights Laurel
12%
Cincinnati | Toledo St. Ursula
12%
Cincinnati The Summit Country
12%
Cleveland Villa Angela St. Joseph
12%
Columbus Bishop Ready
9%
Cincinnati Cincinnati Hills Christian
9%
Elyria Elyria Catholic
9%
Beachwood Fuchs Mizrachi
9%
Cincinnati La Salle
9%
Lima Lima Central Catholic
9%
Cincinnati McNicholas
9%
Newark Newark Catholic
9%
Cincinnati Purcell Marian
9%
Geneva SPIRE
9%
Louisville St, Thomas Aquinas
9%
Toledo Toledo Christian
9%
Willoughby Andrews Osborne
6%
Dayton Archbishop Carroll
6%
Cleveland Benedictine
6%
Columbus Bishop Waterson
6%
Kidron Central Christian
6%
Springfield Emmanuel Christian
6%
Lancaster Fairfield Christian
6%
Shaker Heights Hathaway Brown
6%
Parma Heights Holy Name
6%
North Ridgeville Lake Ridge
6%
Broadview Heights Lawrence
6%
Xenia Legacy Christian
6%
Mansfield Mansfield Christian
6%
Parma Padua Franciscan
6%
Cincinnati Seton
6%
Columbus St. Charles Prep
6%
Columbus Wellington
6%
Cleveland Heights Beaumont
3%
Cincinnati Calvary
3%
Bellefontaine Calvary Christian
3%
Fairfield Cincinnati Catholic
3%
Columbus Columbus Torah
3%
Delphos Delphos St. Johns
3%
St. Clairsville East Richland Christian
3%
Elyria First Baptist Christian
3%
Westerville Genoa Christian
3%
Austinburg Grand River
3%
Granville Granville Christian
3%
Columbiana Heartland Christian
3%
Hillsboro Hillsboro Christian
3%
Sidney Lehman Catholic
3%
Cleveland Heights Lutheran East
3%
Rocky River Lutheran West
3%
Groveport Madison Christian
3%
Rocky River Magnificat
3%
Toledo Maumee Valley Country
3%
Mentor Mentor Christian
3%
Franklin Middletown Christian
3%
Cincinnati Mount Notre Dame
3%
Circleville New Hope Christian
3%
Westerville Northside Christian
3%
Chardon Notre Dame-Cathedral Latin
3%
Elyria Open Door Christian
3%
Akron Our Lady of the Elms
3%
Cincinnati Roger Bacon
3%
Hamilton Stephen T. Badin
3%
Toledo St.John's Jesuit
3%
Mansfield St. Peter's
3%
Cincinnati The Seven Hills
3%
Columbus Tree of Life Christian
3%
Lancaster William V. Fisher Catholic
3%
Zanesville Zanesville Christian
3%
West Union Adams County Christian
0%
Columbus Akili Christian
0%
Cincinnati Aldersgate Christian
0%
Cleveland Al Ihsan
0%
Freeport Antrim Mennonite
0%
Toledo Apostolic Christian
0%
Cincinnati Atara Girls
0%
Beachwood Beatrice Stone Yavne
0%
Cleveland Believers Program
0%
Belpre Belpre Christian
0%
West Carrollton Bethel Baptist
0%
Fremont Bishop Hoffman Christian
0%
Zanesville Bishops Rosecrans
0%
Bowling Green Bowling Green Christian
0%
Columbus Bridgeway
0%
Sardinia Brown County Christian
0%
Berea Buckeye
0%
Tiffin Calvert Catholic
0%
Oregon Cardinal Stritch Catholic
0%
Carrollton Carroll County Christian
0%
Dayton Chaminade Julienne Catholic
0%
Cleveland Chaviva
0%
North Eaton Christian Community
0%
Jackson Christian Life
0%
Lancaster Christ's Church Christian
0%
Cincinnati Cincinnati Waldorf
0%
Springboro CinDay
0%
Cleveland Cleveland Central Catholic
0%
Cleveland Cleveland Clinic Center for Autism
0%
Columbus Columbus (Girls)
0%
Genoa Community Christian
0%
Coshocton Coshocton Christian
0%
Goshen Cozaddale Baptist
0%
Columbus Cristo Ray Columbus
0%
Circleville Crossroads Christian
0%
Delphos Delphos St. John's Catholic
0%
Cincinnati DePaul Cristo Ray
0%
Dayton Dominion Dayton
0%
Pataskala Eagle Columbus
0%
Dayton East Dayton Christian
0%
Rittman Eastern Road Christian
0%
East Liverpool East Liverpool Christian
0%
Cleveland Eleanor Gerson
0%
Toledo Emmanuel Chistian
0%
Wilmont Faith Christian
0%
Washington Court House Fayette Christian
0%
Castalia Firelands Christian
0%
Bryan Fountain City Christian
0%
Franklin Furnace Franklin Furnace Christian
0%
Germantown Germantown Christian
0%
Mount Gilead Gilead Christian
0%
Columbus Global Town
0%
Millersburg Gospel Haven
0%
New Carlisle Guiding Shepherd Christian
0%
Clyde Harvest Temple Christian
0%
Columbus Haughland Dublin
0%
Brooklyn | Findlay Heritage Christian
0%
Huntsburg Hersey Montessori
0%
Columbus High Street Christian
0%
Cincinnati Hillcrest
0%
Cincinnati Immaculate Conception
0%
Wintersville Jefferson County Christian
0%
Warren John F. Kennedy Catholic
0%
Orrville Kingsway Christian
0%
Hartville Lake Center Christian
0%
Northfield Lawrence Upper Campus
0%
Lebanon Lebanon Christian
0%
Mason Liberty Bible
0%
Lima | Pataskala Liberty Christian
0%
Heath Licking County Christian
0%
South Euclid Lyceum
0%
Mansfield Mansfield Classical
0%
Sugarcreek Maranatha Christian
0%
New Albany Marburn
0%
Mason Mars Hill
0%
Massillon Massillon Christian
0%
Medina Medina Christian
0%
Cincinnati Mercy McAuley
0%
Cincinnati Miami Valley Christian
0%
Middleport Mid Valley Christian
0%
Milford Milford Christian
0%
Monclova Monclova Christian
0%
Minerva New Franklin Christian
0%
Wauseon New Horizon
0%
Dayton Nicholas Liberty
0%
Springfield Nightingale Montessori
0%
Norwalk Norwalk Catholic & St. Paul
0%
Westerville Oakstone
0%
Gallipolis Ohio Valley Christian
0%
Barnesville Olney Friends
0%
Oak Harbor Ottawa County Christian
0%
Lakewood Padre Pio
0%
Bainbridge Paint Creek
0%
Waverly Pike Christian
0%
Cincinnati Pilgrim Christian
0%
Piqua Piqua Christian
0%
Portsmouth Portsmouth STEM
0%
Youngstown Potential Development Program School of Autism
0%
Chillicothe Ross County Christian
0%
Mason Royalmont
0%
Clayton Salem Christian
0%
Salem Salem Wesleyan
0%
Sandusky Sandusky Central Catholic
0%
Plain City Shekinah Christian
0%
Cincinnati Shilling (gifted)
0%
Cincinnati Skyward
0%
Martins Ferry Speiro
0%
Dayton Spring Valley
0%
Cleveland St. Martin de Porres
0%
Richfield St. Peregrine
0%
Cincinnati St. Rita
0%
Lakemore Super Learning Center Faith
0%
Wickliffe Telshe
0%
Dayton | Fremont | Lima Temple Christian
0%
Mansfield Temple-Christian
0%
Toledo The Bounty Collegium
0%
Lima The Center for Autism and Dsylexia
0%
Cincinnati The Children's Home of Cincinnati Upper
0%
Lima The Lima Christian
0%
Dayton The Miami Valley
0%
Sylvania Toledo Islamic
0%
Garfield Heights Trinity
0%
Hamden Truth Christian
0%
New Philadelphia Tuscarawas Central Catholic
0%
Youngstown Valley Christian
0%
Dublin Veritas
0%
Niles | Urbana Victory Christian
0%
Pleasant Plain Village Christian
0%
Bucyrus Wayside Christian
0%
Granville Welsh Hills
0%
Westlake Westside Christian
0%
Cincinnati Winton Place Baptist
0%
Worthington Worthington Christan
0%
Cleveland Yeshiva Cleveland
0%
Cleveland Yeshiva Derech HaTora
0%
Millersburg Zion Christian
0%
No matching quizzes found
Score Distribution
Percent of People with Each Score
Percentile by Number Answered
Your Score History
You have not taken this quiz